Návrh marketingovej stratégie a finančnej prognózy novootvoreného hotela diplomová práca

Salvato in:
Dettagli Bibliografici
Autore principale: Gregor, Tomáš
Ente Autore: Podnikovohospodárska fakulta EU so sídlom v Košiciach. Katedra finančného riadenia podniku
Altri autori: Weiss, Roland, 1984-
Natura: Libro
Lingua:slovacco
Pubblicazione: Košice 2021
Tags: Aggiungi Tag
Nessun Tag, puoi essere il primo ad aggiungerne!!

MARC

LEADER 00000nbm a2200000 4500
001 0274103
005 20220331140835.7
041 0 |a slo 
044 |a SK 
245 1 0 |a Návrh marketingovej stratégie a finančnej prognózy novootvoreného hotela  |b diplomová práca  |c Tomáš Gregor ; školiteľ: Roland Weiss 
264 1 |a Košice  |c 2021 
300 |a 98 s. 
100 1 |a Gregor, Tomáš 
700 1 |a Weiss, Roland, 1984- 
710 2 |a Podnikovohospodárska fakulta EU so sídlom v Košiciach. Katedra finančného riadenia podniku